=LDR 00000nam 2200000 4500 =001 INLIS000000000034192 =005 20130612140115 =008 ***********************************ind** =035 ##$$0010-061300000034192 =041 ##$$a ind =082 ##$$a 425 =090 ##$$a 425, Fat c =100 ##$$a Fathuddin =245 ##$$a Cara mudah menguasai Idiom amerika dengan metode word mis ( contoh-contoh dan pedoman indonesianya), Fathuddin;Editor, F. Geson =260 ##$$a 2006 $b Jakarta =300 ##$$a xiv,208 hlm, 21 cm =650 ##$$a Bahasa Inggris-Idiom =700 ##$$a Geson,F =850 ##$$a NBPNMAT =990 ##$$a 0001/BPAP-NTB/20142014 =990 ##$$a 0001/BPAP-NTB/2015